| 000 | 00889nam a22002657a 4500 | ||
|---|---|---|---|
| 999 |
_c63377 _d63377 |
||
| 005 | 20240530110637.0 | ||
| 008 | 170926s2017 ua ao g b 000 0 ara d | ||
| 017 | _bمصر. دار الكتب | ||
| 020 | _a9789950389045 | ||
| 040 |
_aEG-CaGPL _cEG-CaGPL |
||
| 082 | 0 | 4 |
_221 _a302.2\ _bإ م |
| 100 | 0 | _aابراهيم خليل خضر . | |
| 245 | 1 | 0 |
_aمهارات الاتصال / _cابراهيم خليل خضر . |
| 250 | _aط.5 | ||
| 260 |
_aنابلس : _bالدار الجامعية للنشر ، _c2017 . |
||
| 300 |
_a219 ص ؛ _c24 سم . |
||
| 504 | _aيشتمل على ارجاعات ببليوجرافية | ||
| 650 | 0 | 7 |
_2qrmak _aلغة الجسد . |
| 650 | 0 | 7 |
_2qrmak _aوسائل الاتصال . |
| 650 | 0 | 7 |
_2qrmak _aالقيادة |
| 650 | 0 | 7 |
_2qrmak _aفن الكتابة |
| 650 | 0 | 7 |
_2qrmak _aالتوظيف |
| 942 |
_2ddc _cBK |
||